01788cam a2200265 i 4500003000900000005001700009007000300026008004100029020001800070040003000088082001200118100004900130240002500179245005700204246007500261264006700336300002600403336002700429337003400456338002800490500008100518500005800599520083800657710002701495DO-SdBNP20231004135146.0ta751003s2017 sp 000 f spa d a9788425393815 aDO-SdBNPbspacBNPHUerda 4bJ272221 aJames, E. L.d1963-qErika Leonard Mitchell,10aDarker /lEspañol 10aMás oscuro /cE. L. James ; traducción Anuvela 1 aMás oscuro :bcincuenta sobras más oscuras contada por Christian / 1aBarcelona, España :bPenguin Random House, bGrijalboc2017. a633 páginasc23 cm. 2rdacontentatextobtxt 2rdamediaasin mediación bn 2rdacarrieravolumenbnc aIncluye datos biográficos de la autora en la solapa de la contracubierta.  aPapel certificado por el Forest Stewardship Council.  aAunque aquella ardiente y sensual relación acabó marcada por el sufrimiento y los reproches. Christian Grey no logra quitarse a Anastasia de la cabeza ni del corazón. Decidido a recuperarla y a amarla aceptando sus condiciones, intenta reprimir sus deseos más oscuros y la necesidad de tenerlo todo bajo su control. Sin embargo, las pesadillas de la infancia no dejan de perseguirle y además, el insidioso jefe de Ana, Jack Hyde, claramente la quiere para él. ¿Podrá el doctor Flynn, psicólogo y confidente de Christian, ayudarle a enfrentarse a sus propios fantasmas, o acabarán la posesiva y seductora maestra Elena y la perturbada Leila, su devota y anterior sumisa, arrastrando a Grey al pasado? Y si finalmente consigue recuperar a Ana,¿será capaz, un hombre tan oscuro y lastimado, de retenerla a su lado? aAnuvelaetraducción